Normal view
MARC view
Entry Personal Name
001 - CONTROL NUMBER
- control field: 69233
003 - CONTROL NUMBER IDENTIFIER
- control field: BI-BuBU
005 - DATE AND TIME OF LATEST TRANSACTION
- control field: 20130411094115.0
008 - FIXED-LENGTH DATA ELEMENTS
- fixed length control field: 130411|||a|||||| | ||| d
040 ## - CATALOGING SOURCE
- Original cataloging agency: BI-BuBU
- Transcribing agency: BI-BuBU
100 ## - HEADING--PERSONAL NAME
- Personal name: Lucien, Bizindavyi
670 ## - SOURCE DATA FOUND
- Source citation: Work cat.: (BI-BuBU): aut Bizindavyi Lucien 69230, Enjeux et contraintes environnementaux de la filière huile de palme en commune Rumonge, 2013
670 ## - SOURCE DATA FOUND
- Source citation: Work cat.: (BI-BuBU): aut Bizindavyi Lucien 69230, Enjeux et contraintes environnementaux de la filière huile de palme en commune Rumonge, 2013